000 00820nam a2200241Ia 4500
005 20250108125149.0
008 008 250107s9999 xx 000 0 hin d
020 _a978-81-968962-3-2
037 _aTB
040 _aCRL
_bhin
_cCRL
041 _ahin
_2hin
084 _aΔ P3.1-.16(RR)
084 _qCRL
100 _aढिस्सा, लाल चंद, ले.
_9556911
245 0 _aसंविधान क सामाकि अन्याय
_cढिस्सा, लाल चंद, ले.
260 _aमध्य प्रदेश, भारत
_bजनजातिय दलित संघ
_c3511
300 _a184पृ0
365 _aINR
_b4760
490 _vखण्ड 1
650 _aइतिहास
942 _cTB
_hΔ P3.1-.16(RR)
999 _c1235899
_d1235899